000 01121cam a2200289 a 4500
999 _c4017
_d4017
003 OSt
005 20220317064243.0
008 991115s2000 nyucb b 001 0deng
020 _a0684855569
020 _a0684855577 (pbk.)
040 _cDLC
043 _ae-ie---
_ae-uk-ni
050 0 0 _aDA911
_b.G57 2000
100 1 _aGolway, Terry,
_d1955-
245 1 0 _aFor the cause of liberty :
_ba thousand years of Ireland's heroes /
_cTerry Golway.
260 _aNew York :
_bSimon & Schuster,
_cc2000.
300 _a397 p. :
_bports., maps ;
_c25 cm.
504 _aIncludes bibliographical references (p. [359]-367) and index.
650 0 _aNationalism
_zIreland
_xHistory.
650 0 _aRevolutionaries
_zIreland
_vBiography.
650 0 _aNationalists
_zIreland
_vBiography.
650 0 _aHeroes
_zIreland
_vBiography.
906 _a7
_bcbc
_corignew
_d1
_eocip
_f19
_gy-gencatlg
942 _2lcc
_cBK